Criminal victimization
| Contributors: | |
|---|---|
| Format: | Print Book |
| Language: | English |
| Published: |
New York
Journal of Social Issues
1984
|
| In: |
Journal of social issues (40,1)
Year: 1984 |
| Availability in Tübingen: | Present in Tübingen. UB: ZA 2078-40.1984 |
| Check availability: | HBZ Gateway |
| Subito Delivery Service: | Order now. |
MARC
| LEADER | 00000cam a2200000 c 4500 | ||
|---|---|---|---|
| 001 | 1087806097 | ||
| 003 | DE-627 | ||
| 005 | 20220514114229.0 | ||
| 007 | tu | ||
| 008 | 890602s1984 xx ||||| 00| ||eng c | ||
| 035 | |a (DE-627)1087806097 | ||
| 035 | |a (DE-576)017806097 | ||
| 035 | |a (DE-599)BSZ017806097 | ||
| 035 | |a (OCoLC)311089769 | ||
| 040 | |a DE-627 |b ger |c DE-627 |e rakwb | ||
| 041 | |a eng | ||
| 245 | 0 | 0 | |a Criminal victimization |c issue ed.: Martin S. Greenberg ... |
| 264 | 1 | |a New York |b Journal of Social Issues |c 1984 | |
| 300 | |a 177 S. | ||
| 336 | |a Text |b txt |2 rdacontent | ||
| 337 | |a ohne Hilfsmittel zu benutzen |b n |2 rdamedia | ||
| 338 | |a Band |b nc |2 rdacarrier | ||
| 490 | 1 | |a Journal of social issues |v 40,1 | |
| 583 | 1 | |a Archivierung prüfen |c 20200919 |f DE-640 |z 1 |2 pdager | |
| 700 | 1 | |a Greenberg, Martin S. |e Hrsg. |4 edt | |
| 830 | 0 | |a Journal of social issues |v 40,1 |9 40,1 |w (DE-627)129078719 |w (DE-576)014411288 |w (DE-600)3068-5 |x 0022-4537 |7 am | |
| 951 | |a BO | ||
| ELC | |b 1 | ||
| LOK | |0 000 xxxxxcx a22 zn 4500 | ||
| LOK | |0 001 2130411096 | ||
| LOK | |0 003 DE-627 | ||
| LOK | |0 004 1087806097 | ||
| LOK | |0 005 20151102131934 | ||
| LOK | |0 008 021217||||||||||||||||ger||||||| | ||
| LOK | |0 040 |a DE-21 |c DE-627 |d DE-21 | ||
| LOK | |0 852 |a DE-21 | ||
| LOK | |0 852 1 |c ZA 2078-40.1984 |9 00 | ||
| LOK | |0 935 |a krim | ||
| LOK | |0 939 |a 17-12-02 |b l02 | ||
| ORI | |a SA-MARC-krimdoka001.raw | ||
| SIG | |a UB: ZA 2078-40.1984 | ||
